Machine Design (Record no. 132694)

000 -LEADER
fixed length control field 00348nam a2200133Ia 4500
008 - FIXED-LENGTH DATA ELEMENTS--GENERAL INFORMATION
fixed length control field 220120s9999||||xx |||||||||||||| ||und||
020 ## - INTERNATIONAL STANDARD BOOK NUMBER
International Standard Book Number 9780070964333
082 ## - DEWEY DECIMAL CLASSIFICATION NUMBER
Classification number 621.8 HAL
100 ## - MAIN ENTRY--PERSONAL NAME
Personal name Hall, Allen S and Others
245 #0 - TITLE STATEMENT
Title Machine Design
260 ## - PUBLICATION, DISTRIBUTION, ETC.
Place of publication, distribution, etc. Tata mc graw hill ltd.
Name of publisher, distributor, etc. New Delhi
Date of publication, distribution, etc. 2011
300 ## - PHYSICAL DESCRIPTION
Extent 870p.
Other physical details 795
650 ## - SUBJECT ADDED ENTRY--TOPICAL TERM
Topical term or geographic name entry element MECHANICAL
Holdings
Withdrawn status Lost status Damaged status Not for loan Collection code Home library Current library Date acquired Barcode Date last seen Price effective from Koha item type
        Mechanical Engineering Central Library Central Library 01/20/2022 ST350 01/20/2022 01/20/2022 Scheduled Tribe Book Bank

Powered by Koha